[Event "Barbera op "]
[Site "?"]
[Date "2012.07.06"]
[Round "3"]
[White "Sanchez Dengra, JM."]
[Black "Silva Rodriguez, J."]
[Result "1/2-1/2"]
[WhiteElo "2002"]
[BlackElo "2168"]
[PlyCount "60"]
[EventDate "2012.??.??"]
[EventType "swiss"]
[EventRounds "9"]

1. c4 e5 2. g3 Nf6 3. Bg2 d5 4. cxd5 Nxd5 5. Nf3 Nc6 6. d4 Bb4+ 7. Bd2 e4 8.
Ne5 e3 9. fxe3 Nxe5 10. Qb3 Bxd2+ 11. Nxd2 Be6 12. dxe5 O-O 13. Bf3 c5 14. O-O
c4 15. Qa3 b5 16. Qc5 Rc8 17. Qd4 Nb4 18. Qc3 Nd5 19. Qd4 Nb4 20. Qc3 Nd5 21.
Qd4 Nb4 22. Qc3 Nd5 23. Qd4 Nb4 24. Qc3 Nd5 25. Qd4 Nb4 26. Qc3 Nd5 27. Qd4 Nb4
28. Qc3 Nd5 29. Qd4 Nb4 30. Qc3 Nd5 1/2-1/2

[Event "Barbera op "]
[Site "?"]
[Date "2012.07.06"]
[Round "3"]
[White "Sequera Paolini, J."]
[Black "Hernandez Moya, Y."]
[Result "1-0"]
[WhiteElo "2407"]
[BlackElo "2177"]
[PlyCount "75"]
[EventDate "2012.??.??"]
[EventType "swiss"]
[EventRounds "9"]

1. f4 d5 2. Nf3 Nf6 3. e3 e6 4. b3 b6 5. Bb2 Bb7 6. Bd3 Bd6 7. O-O c5 8. Qe1
O-O 9. Qg3 Nbd7 10. Qh3 Qc7 11. Nc3 a6 12. Rae1 b5 13. Ne5 c4 14. Nxd7 Qxd7 15.
Be2 Bc5 16. Nd1 Ne4 17. d3 Nd6 18. Nf2 Rac8 19. Rd1 c3 20. Bc1 Qc7 21. d4 Ba7
22. Ba3 Rfe8 23. Bxd6 Qxd6 24. Ng4 Bb8 25. f5 exf5 26. Rxf5 Rc7 27. Bd3 Bc8 28.
Re5 Rxe5 29. Qxh7+ Kf8 30. Nxe5 Qh6 31. Qxh6 gxh6 32. Rf1 Kg7 33. Bf5 Bb7 34.
Nd7 Ba7 35. Rf3 f6 36. Be6 h5 37. Rg3+ Kh6 38. Bf5 1-0

[Event "Barbera op "]
[Site "?"]
[Date "2012.07.06"]
[Round "3"]
[White "Shatko, D."]
[Black "Vigoa Apecheche, Y."]
[Result "1/2-1/2"]
[WhiteElo "2143"]
[BlackElo "2269"]
[PlyCount "64"]
[EventDate "2012.??.??"]
[EventType "swiss"]
[EventRounds "9"]

1. d4 Nf6 2. c4 g6 3. Nc3 Bg7 4. e4 O-O 5. f4 d6 6. Nf3 c5 7. d5 e6 8. Be2 exd5
9. cxd5 Re8 10. e5 dxe5 11. fxe5 Ng4 12. e6 fxe6 13. d6 Ne5 14. Ne4 Nbd7 15.
O-O c4 16. Be3 b5 17. Nd4 Bb7 18. Ng5 Qb6 19. Bg4 Qxd6 20. Bxe6+ Kh8 21. Rf7
Re7 22. Nxb5 Qxd1+ 23. Rxd1 Nxf7 24. Nxf7+ Rxf7 25. Bxf7 Ne5 26. Be6 h5 27. Nd6
Ba6 28. Rd5 Ng4 29. Nf7+ Kh7 30. Ng5+ Kh8 31. Nf7+ Kh7 32. Ng5+ Kh8 1/2-1/2

[Event "Barbera op "]
[Site "?"]
[Date "2012.07.06"]
[Round "3"]
[White "Sos Andreu, E."]
[Black "Medina de Baets, VJ."]
[Result "1-0"]
[WhiteElo "2185"]
[BlackElo "1978"]
[PlyCount "67"]
[EventDate "2012.??.??"]
[EventType "swiss"]
[EventRounds "9"]

1. d4 Nf6 2. c4 g6 3. Nc3 Bg7 4. e4 d6 5. Nf3 O-O 6. Be2 e5 7. O-O a5 8. Be3
Ng4 9. Bg5 f6 10. Bh4 g5 11. Bg3 Nh6 12. c5 Nc6 13. Qb3+ Kh8 14. Rfd1 Nxd4 15.
Nxd4 exd4 16. Nb5 dxc5 17. Nxc7 Ra7 18. Qb6 f5 19. Bd6 fxe4 20. Bxc5 d3 21.
Qxa7 Rf5 22. Bb6 Qf8 23. Bf1 g4 24. Bd4 Ng8 25. Bxg7+ Qxg7 26. Rac1 Qxb2 27.
Ne8 Bd7 28. Nd6 Rf4 29. Rc7 Bc6 30. Nf7+ Kg7 31. Ne5+ Kh6 32. Nxc6 bxc6 33.
Rxc6+ Nf6 34. Qe3 1-0

[Event "Barbera op "]
[Site "?"]
[Date "2012.07.06"]
[Round "3"]
[White "Thakur, A."]
[Black "Narciso Dublan, M."]
[Result "0-1"]
[WhiteElo "2280"]
[BlackElo "2539"]
[PlyCount "112"]
[EventDate "2012.??.??"]
[EventType "swiss"]
[EventRounds "9"]

1. e4 e5 2. Nf3 Nc6 3. Nc3 Nf6 4. g3 d5 5. exd5 Nxd5 6. Bg2 Nde7 7. O-O Nf5 8.
Re1 f6 9. d4 Ncxd4 10. Nxd4 Nxd4 11. Be3 Nf5 12. Qh5+ g6 13. Qe2 Nxe3 14. Qxe3
c6 15. Ne4 Be7 16. Rad1 Qc7 17. Qh6 Kf7 18. Rd3 Bf5 19. Red1 Rae8 20. Nd6+ Bxd6
21. Rxd6 Be6 22. g4 Bxg4 23. R1d3 Bc8 24. b4 a6 25. c4 e4 26. R3d4 Qe7 27. Bxe4
Qe5 28. Bg2 Qg5 29. Qxg5 Re1+ 30. Bf1 fxg5 31. Rd1 Rhe8 32. f3 g4 33. Kf2 Rxd1
34. Rxd1 gxf3 35. Kxf3 Be6 36. a3 Ke7 37. Ke3 Rf8 38. Be2 Rf5 39. Rd4 Re5+ 40.
Kf2 c5 41. Rh4 h5 42. Bd3 Kf6 43. Rf4+ Bf5 44. h4 b6 45. Rf3 cxb4 46. axb4 a5
47. bxa5 bxa5 48. Be2 Ke7 49. Rb3 Kd6 50. Bf3 Be6 51. Rb6+ Kc5 52. Ra6 Kb4 53.
Bd5 Bxd5 54. cxd5 Rxd5 55. Rxg6 a4 56. Rg5 Ra5 0-1

[Event "Barbera op "]
[Site "?"]
[Date "2012.07.06"]
[Round "3"]
[White "Turov, M."]
[Black "Asis Gargatagli, H."]
[Result "1-0"]
[WhiteElo "2642"]
[BlackElo "2482"]
[PlyCount "71"]
[EventDate "2012.??.??"]
[EventType "swiss"]
[EventRounds "9"]

1. c4 Nf6 2. Nc3 d5 3. cxd5 Nxd5 4. g3 g6 5. Bg2 Nxc3 6. bxc3 Bg7 7. Rb1 Nc6 8.
h4 h6 9. Nf3 O-O 10. d4 Na5 11. Ne5 Bf5 12. e4 Be6 13. Bf4 b6 14. a4 Nc4 15.
Nc6 Qe8 16. e5 Bd7 17. Qf3 Bxc6 18. Qxc6 Qxc6 19. Bxc6 Rad8 20. Ke2 e6 21. Bb5
Na5 22. Be3 c6 23. Ba6 Rd7 24. h5 g5 25. f4 f6 26. fxg5 fxg5 27. Rhf1 Rdf7 28.
Rxf7 Kxf7 29. c4 Rd8 30. Kf3 Ke7 31. Ke4 Rf8 32. Bd2 Rf2 33. Bxa5 bxa5 34. c5
Rg2 35. Rb7+ Kf8 36. Bc4 1-0

[Event "Barbera op "]
[Site "?"]
[Date "2012.07.06"]
[Round "3"]
[White "Uribe Arteaga, D."]
[Black "Amores Gago, J."]
[Result "1-0"]
[WhiteElo "2272"]
[BlackElo "2135"]
[PlyCount "93"]
[EventDate "2012.??.??"]
[EventType "swiss"]
[EventRounds "9"]

1. b3 e5 2. Bb2 Nc6 3. e3 Bd6 4. Bb5 Qe7 5. Ne2 a6 6. Bxc6 dxc6 7. e4 h5 8. d3
Qg5 9. Rg1 h4 10. Nd2 h3 11. g3 Bg4 12. Nc4 O-O-O 13. Qd2 Qe7 14. Nxd6+ cxd6
15. O-O-O Kb8 16. f4 Bf3 17. Qe3 Bg2 18. g4 Rh4 19. g5 f6 20. Qg3 fxg5 21. fxe5
d5 22. Nd4 g6 23. exd5 cxd5 24. Kb1 Nh6 25. e6+ Ka8 26. Rde1 Rg4 27. Qe5 Rf4
28. Ne2 Ng4 29. Qc3 Rf2 30. Qa5 Nxh2 31. Bd4 Rxe2 32. Rxe2 Nf3 33. Bc5 Qe8 34.
Rexg2 hxg2 35. Rxg2 Rc8 36. Qb6 Kb8 37. Qd6+ Ka8 38. Qxd5 Qh8 39. Qxf3 Rxc5 40.
Re2 Rf5 41. Qg2 Qf6 42. Re1 Rf2 43. Qe4 Rf4 44. e7 Rxe4 45. Rxe4 Qf1+ 46. Kb2
Qf6+ 47. d4 1-0

[Event "Barbera op "]
[Site "?"]
[Date "2012.07.06"]
[Round "3"]
[White "Vassallo Barroche, M."]
[Black "Mamedjarova, T."]
[Result "1-0"]
[WhiteElo "2433"]
[BlackElo "2259"]
[PlyCount "97"]
[EventDate "2012.??.??"]
[EventType "swiss"]
[EventRounds "9"]

1. d4 e6 2. e4 b6 3. Nf3 Bb7 4. Bd3 Nf6 5. Nc3 Bb4 6. Qe2 d5 7. exd5 Nxd5 8.
Bd2 Nxc3 9. bxc3 Bd6 10. a4 h6 11. a5 a6 12. O-O O-O 13. c4 Nd7 14. Rfe1 Qf6
15. Be4 Bxe4 16. Qxe4 Rfc8 17. Qc6 Qe7 18. Bc3 Nf8 19. Rab1 Qd7 20. Qe4 Qa4 21.
Nd2 Qd7 22. Nf1 Rab8 23. Ne3 Ng6 24. Red1 Bf4 25. Nf1 Qa4 26. Qd3 Rd8 27. axb6
cxb6 28. g3 Bc7 29. Ne3 b5 30. cxb5 e5 31. Rb4 Qa2 32. d5 Ba5 33. Rb2 Qa4 34.
Bxa5 Qxa5 35. Nc4 Qa4 36. bxa6 Rxb2 37. Nxb2 Qg4 38. f3 Qg5 39. Nc4 Nf4 40. Qe4
Nh3+ 41. Kg2 Nf4+ 42. Kf1 Ng6 43. d6 f5 44. Qd5+ Kh7 45. a7 f4 46. a8=Q Rxa8
47. Qxa8 fxg3 48. hxg3 Qxg3 49. Qe4 1-0

[Event "Barbera op "]
[Site "?"]
[Date "2012.07.07"]
[Round "4"]
[White "Aloma Vidal, R."]
[Black "Vassallo Barroche, M."]
[Result "1/2-1/2"]
[WhiteElo "2400"]
[BlackElo "2433"]
[PlyCount "108"]
[EventDate "2012.??.??"]
[EventType "swiss"]
[EventRounds "9"]

1. d4 Nf6 2. Nf3 e6 3. e3 b6 4. Bd3 Bb7 5. O-O d5 6. Ne5 Bd6 7. f4 Ne4 8. c4
O-O 9. Nc3 Nd7 10. cxd5 exd5 11. Nxe4 dxe4 12. Bc4 Qe7 13. Bd2 Nf6 14. Qb3 Rad8
15. Be1 Bxe5 16. fxe5 Nd5 17. Bg3 Kh8 18. Rf5 Bc8 19. Rh5 Qe6 20. Bh4 Rd7 21.
Rf1 c6 22. h3 Qg6 23. g4 f6 24. Kh2 b5 25. Qa3 b4 26. Qb3 a5 27. e6 Re7 28.
Bxd5 cxd5 29. Qxd5 Bxe6 30. Qd6 Ree8 31. Bg3 Bxa2 32. Rxa5 Qf7 33. Qxb4 Be6 34.
Bd6 Rg8 35. Rc5 Ra8 36. Rc7 Qg6 37. Re7 Rae8 38. Rxe8 Rxe8 39. Bf4 h5 40. Qe1
hxg4 41. Qh4+ Kg8 42. hxg4 Rc8 43. Kg3 Rc2 44. Qh5 Qxh5 45. gxh5 Rxb2 46. Rc1
Bf7 47. h6 gxh6 48. Bxh6 Kh7 49. Rc7 Kxh6 50. Rxf7 Kg5 51. Rg7+ Kf5 52. Rc7 Kg5
53. Rg7+ Kf5 54. Rc7 Kg5 1/2-1/2

[Event "Barbera op "]
[Site "?"]
[Date "2012.07.07"]
[Round "4"]
[White "Amores Gago, J."]
[Black "Campos Cayuelas, A."]
[Result "1-0"]
[WhiteElo "2135"]
[BlackElo "2007"]
[PlyCount "49"]
[EventDate "2012.??.??"]
[EventType "swiss"]
[EventRounds "9"]

1. g3 d5 2. Bg2 Nf6 3. d3 e5 4. Nd2 Nc6 5. Ngf3 Bc5 6. e4 dxe4 7. dxe4 O-O 8.
O-O Be6 9. c3 a5 10. h3 h6 11. Qe2 Qe7 12. Kh2 Nd7 13. Nh4 Rad8 14. Nc4 Nb6 15.
Nf5 Qf6 16. Nce3 Bxe3 17. Nxe3 Qe7 18. a4 Qd7 19. Rd1 Qe7 20. Nd5 Bxd5 21. exd5
Nb8 22. Be3 f5 23. d6 Rxd6 24. Bc5 Nc6 25. Rxd6 1-0

[Event "Barbera op "]
[Site "?"]
[Date "2012.07.07"]
[Round "4"]
[White "Anurag, M."]
[Black "Cornette, M."]
[Result "0-1"]
[WhiteElo "2301"]
[BlackElo "2567"]
[PlyCount "58"]
[EventDate "2012.??.??"]
[EventType "swiss"]
[EventRounds "9"]

1. c4 b6 2. d3 Bb7 3. Nd2 e6 4. Ngf3 g5 5. h3 Bg7 6. e4 h6 7. g3 d5 8. Bg2 dxe4
9. Nxe4 Nc6 10. O-O Qd7 11. Be3 O-O-O 12. Qa4 Nge7 13. Rfd1 Nf5 14. d4 Kb8 15.
Nc3 Na5 16. Qb4 Nxe3 17. fxe3 Qd6 18. c5 Qe7 19. Rac1 e5 20. d5 Qxc5 21. Qe4
Nc4 22. Kh1 f5 23. Qxf5 Nxe3 24. Qg6 Nxd1 25. Qxg7 Nf2+ 26. Kh2 Nd3 27. Rb1
Rdg8 28. Qd7 Ne1 29. Nxe1 Qf2 0-1

[Event "Barbera op "]
[Site "?"]
[Date "2012.07.07"]
[Round "4"]
[White "Aprea, D."]
[Black "Sos Andreu, E."]
[Result "1-0"]
[WhiteElo "1942"]
[BlackElo "2185"]
[PlyCount "67"]
[EventDate "2012.??.??"]
[EventType "swiss"]
[EventRounds "9"]

1. d4 Nf6 2. Nf3 g6 3. Bf4 d5 4. e3 c5 5. c3 Bg7 6. Be2 O-O 7. O-O Nc6 8. Nbd2
Nh5 9. Bg5 h6 10. Bh4 g5 11. Ne1 gxh4 12. Bxh5 e5 13. dxc5 a5 14. a4 Be6 15.
Nc2 Qg5 16. f4 Qf5 17. Be2 Qg6 18. Kh1 Rad8 19. Nf3 Bf6 20. fxe5 Nxe5 21. Nxe5
Bxe5 22. Bh5 Qg5 23. Qf3 Bb8 24. Nd4 Qe5 25. g3 hxg3 26. Qxg3+ Qxg3 27. hxg3
Bd7 28. b4 Rde8 29. Rf3 Re5 30. g4 Re4 31. Raf1 axb4 32. cxb4 Kg7 33. Rxf7+
Rxf7 34. Rxf7+ 1-0

[Event "Barbera op "]
[Site "?"]
[Date "2012.07.07"]
[Round "4"]
[White "Asis Gargatagli, H."]
[Black "Sanchez Ibern, M."]
[Result "1/2-1/2"]
[WhiteElo "2482"]
[BlackElo "2364"]
[PlyCount "114"]
[EventDate "2012.??.??"]
[EventType "swiss"]
[EventRounds "9"]

1. e4 e6 2. d4 d5 3. Nd2 Nf6 4. Bd3 dxe4 5. Nxe4 Nbd7 6. Nf3 Nxe4 7. Bxe4 Nf6
8. Bg5 Be7 9. Bxf6 gxf6 10. Qe2 c5 11. O-O-O Qa5 12. Kb1 Bd7 13. d5 O-O-O 14.
Nd2 Bb5 15. Qh5 Rhf8 16. c4 Ba4 17. Nb3 Qb4 18. dxe6 fxe6 19. Rxd8+ Rxd8 20.
Qf7 Qxc4 21. Bxb7+ Kb8 22. Qxe7 Qd3+ 23. Ka1 Qd1+ 24. Nc1 Qxh1 25. Qxd8+ Kxb7
26. Qe7+ Kb6 27. Qxe6+ Bc6 28. Qb3+ Kc7 29. Qg3+ Kb7 30. Qb3+ Kc7 31. Qc3 Qxg2
32. Qxc5 Qxh2 33. Qe7+ Kb6 34. Qxf6 Qh1 35. Qd8+ Kb7 36. Qe7+ Kb8 37. Qg5 h5
38. b3 Qe1 39. Qf4+ Kc8 40. Kb2 h4 41. Nd3 Qe2+ 42. Kc3 h3 43. Qf5+ Bd7 44.
Qc5+ Kb7 45. Qd6 Kc8 46. Qa6+ Kd8 47. Qd6 Kc8 48. Nc5 Qe1+ 49. Kb2 Qxf2+ 50.
Ka3 Qf5 51. Qa6+ Kd8 52. Qxa7 h2 53. Nb7+ Kc7 54. Na5+ Kd8 55. Qb8+ Ke7 56.
Qxh2 Qxa5+ 57. Kb2 Be6 1/2-1/2

[Event "Barbera op "]
[Site "?"]
[Date "2012.07.07"]
[Round "4"]
[White "Bas Mas, JJ."]
[Black "Sanchez Dengra, JM."]
[Result "1/2-1/2"]
[WhiteElo "2214"]
[BlackElo "2002"]
[PlyCount "59"]
[EventDate "2012.??.??"]
[EventType "swiss"]
[EventRounds "9"]

1. e4 c5 2. Nf3 Nc6 3. d4 cxd4 4. Nxd4 e6 5. Nxc6 bxc6 6. Bd3 d5 7. O-O Nf6 8.
Nd2 Be7 9. c4 O-O 10. Qc2 h6 11. b3 e5 12. Nf3 Qd6 13. cxd5 cxd5 14. exd5 Nxd5
15. Bc4 Nb6 16. Rd1 Qb8 17. Bb2 Nxc4 18. Qxc4 Bf6 19. Re1 Re8 20. Qc5 Bb7 21.
Bxe5 Bxe5 22. Nxe5 Qd8 23. Qc3 Rc8 24. Qg3 Qa5 25. Re3 Qxa2 26. Rae1 Qd2 27. h4
Rc3 28. Kh2 Rxe3 29. Rxe3 Qd5 30. b4 1/2-1/2

[Event "Barbera op "]
[Site "?"]
[Date "2012.07.07"]
[Round "4"]
[White "Bergez, L."]
[Black "Krishna, CRG."]
[Result "1/2-1/2"]
[WhiteElo "2420"]
[BlackElo "2273"]
[PlyCount "56"]
[EventDate "2012.??.??"]
[EventType "swiss"]
[EventRounds "9"]

1. e4 e6 2. g3 c5 3. Bg2 Nc6 4. Ne2 d6 5. c3 Nf6 6. d4 d5 7. e5 Nd7 8. O-O Be7
9. Be3 Nb6 10. Nd2 cxd4 11. cxd4 Bd7 12. Nf4 Rc8 13. b3 Nb4 14. Qg4 g6 15. h4
Rc3 16. Ne2 Rc7 17. Bh6 Bb5 18. Bf3 Bd3 19. Kg2 a5 20. a4 Qc8 21. Qf4 Rg8 22.
Rh1 Nd7 23. Ng1 Nb8 24. Nh3 N8c6 25. Nf1 Nc2 26. Rd1 N6xd4 27. Rxd3 Ne1+ 28.
Kh2 Rc3 1/2-1/2

[Event "Barbera op "]
[Site "?"]
[Date "2012.07.07"]
[Round "4"]
[White "Bulmaga, I."]
[Black "Alsina Leal, D."]
[Result "0-1"]
[WhiteElo "2371"]
[BlackElo "2535"]
[PlyCount "144"]
[EventDate "2012.??.??"]
[EventType "swiss"]
[EventRounds "9"]

1. e4 c5 2. Nf3 Nc6 3. d4 cxd4 4. Nxd4 Nf6 5. Nc3 e5 6. Ndb5 d6 7. Bg5 a6 8.
Na3 b5 9. Nd5 Be7 10. Bxf6 Bxf6 11. c4 b4 12. Nc2 O-O 13. g3 Bg5 14. Bg2 a5 15.
O-O Ne7 16. Nce3 Bxe3 17. Nxe3 Qb6 18. Qd3 Rd8 19. Nf5 Nc6 20. Qd5 Bxf5 21.
exf5 Nd4 22. Qe4 a4 23. f6 g6 24. Qe3 Ra5 25. Bd5 Rc8 26. Rad1 Qd8 27. f4 Nf5
28. Qf2 Qxf6 29. g4 Ne7 30. g5 Qf5 31. Bb7 Rxc4 32. Qb6 exf4 33. Qd8+ Kg7 34.
Qxe7 Qxg5+ 35. Qxg5 Rxg5+ 36. Bg2 Rc2 37. Rf2 Rgc5 38. Rdd2 Rxd2 39. Rxd2 g5
40. Rd4 Rc1+ 41. Bf1 Ra1 42. Rxb4 Rxa2 43. Bb5 a3 44. bxa3 Rxa3 45. Bc4 Rc3 46.
Bb3 Rc1+ 47. Kg2 Rb1 48. Rb7 Rb2+ 49. Kf3 Rxh2 50. Kg4 Kf6 51. Rxf7+ Kg6 52.
Rb7 h5+ 53. Kf3 Rh3+ 54. Kg2 g4 55. Bd5 Rc3 56. Rd7 Rc2+ 57. Kg1 Kg5 58. Rxd6
Kh4 59. Bb3 Rb2 60. Bf7 Kg3 61. Rd1 h4 62. Be6 h3 63. Kh1 Rh2+ 64. Kg1 f3 65.
Bd5 Rb2 66. Be6 Rb4 67. Ra1 Re4 68. Bd5 Re1+ 69. Rxe1 f2+ 70. Kf1 fxe1=Q+ 71.
Kxe1 Kh2 72. Bf3 g3 0-1

[Event "Barbera op "]
[Site "?"]
[Date "2012.07.07"]
[Round "4"]
[White "Cordova Daza, E."]
[Black "Van Riemsdijk, HC."]
[Result "1-0"]
[WhiteElo "2584"]
[BlackElo "2397"]
[PlyCount "67"]
[EventDate "2012.??.??"]
[EventType "swiss"]
[EventRounds "9"]

1. d4 c5 2. e3 Nf6 3. Nf3 g6 4. Be2 Bg7 5. O-O O-O 6. dxc5 Qa5 7. a3 Qxc5 8. b4
Qc7 9. Bb2 d5 10. Nbd2 Rd8 11. Rc1 Ne4 12. Bxg7 Kxg7 13. c4 Nxd2 14. Qxd2 dxc4
15. Rxc4 Rxd2 16. Rxc7 Rd8 17. Rxe7 Nc6 18. Rc7 Rd7 19. Rxd7 Bxd7 20. Rd1 Be8
21. g4 h6 22. Kg2 Kf6 23. h4 Ke7 24. Kg3 Bd7 25. Bc4 f6 26. g5 hxg5 27. hxg5
fxg5 28. Nxg5 a5 29. Rh1 Ne5 30. Rh7+ Kd6 31. Ne4+ Kc6 32. Bf1 axb4 33. axb4
Ra4 34. Re7 1-0

[Event "Barbera op "]
[Site "?"]
[Date "2012.07.07"]
[Round "4"]
[White "Dave, D."]
[Black "Ivakhinova, I."]
[Result "1/2-1/2"]
[WhiteElo "2170"]
[BlackElo "2306"]
[PlyCount "87"]
[EventDate "2012.??.??"]
[EventType "swiss"]
[EventRounds "9"]

1. e4 c5 2. Nf3 d6 3. d4 cxd4 4. Qxd4 Nc6 5. Bb5 Bd7 6. Bxc6 Bxc6 7. Nc3 e5 8.
Qd3 h6 9. Be3 Nf6 10. h3 Be7 11. O-O-O O-O 12. Nh2 Rc8 13. Rhe1 b5 14. Ng4 Nxg4
15. hxg4 Qc7 16. Rd2 Qb7 17. Nd5 Bd8 18. Rh1 b4 19. Rdd1 a5 20. Qd2 Bxd5 21.
Qxd5 Qc7 22. Rd2 Be7 23. g3 Qc4 24. f3 a4 25. Qxc4 Rxc4 26. Kd1 Rfc8 27. Rhh2
f6 28. Rd3 Kf7 29. Rhd2 Ke6 30. Rd5 Rb8 31. R2d3 Rbc8 32. Rd2 Rb8 33. Ra5 b3
34. axb3 axb3 35. c3 Rxc3 36. bxc3 b2 37. Rxb2 Rxb2 38. Bd2 Rb7 39. Kc2 Bd8 40.
Rd5 Ra7 41. Rb5 Ra2+ 42. Kd3 Ra1 43. Be3 Ra2 44. Bd2 1/2-1/2

[Event "Barbera op "]
[Site "?"]
[Date "2012.07.07"]
[Round "4"]
[White "Diaz Camallonga, C."]
[Black "Moreto Quintana, A."]
[Result "1-0"]
[WhiteElo "2144"]
[BlackElo "2166"]
[PlyCount "59"]
[EventDate "2012.??.??"]
[EventType "swiss"]
[EventRounds "9"]

1. e4 d5 2. exd5 Qxd5 3. Nf3 Bg4 4. Be2 Nc6 5. d4 O-O-O 6. Be3 e5 7. c4 Qa5+ 8.
Bd2 Qa6 9. c5 Bxf3 10. gxf3 b5 11. Nc3 Nxd4 12. a4 Qg6 13. Rc1 Qg2 14. Rf1 b4
15. Nb5 Qxh2 16. Nxa7+ Kb8 17. Nb5 Nf6 18. Rc4 Qh4 19. Rxb4 Bxc5 20. Nxd4+ Bxb4
21. Nc6+ Ka8 22. Nxb4 Rd4 23. Qb3 c5 24. Nc2 Rxa4 25. Bb5 Rb4 26. Nxb4 cxb4 27.
Bc6+ Kb8 28. Qxf7 Kc8 29. Qb7+ Kd8 30. Bxb4 1-0

[Event "Barbera op "]
[Site "?"]
[Date "2012.07.07"]
[Round "4"]
[White "Escobar Forero, A."]
[Black "Navarro Lopez-Menchero, D."]
[Result "1-0"]
[WhiteElo "2487"]
[BlackElo "2230"]
[PlyCount "85"]
[EventDate "2012.??.??"]
[EventType "swiss"]
[EventRounds "9"]

1. e4 c5 2. Nf3 d6 3. d4 cxd4 4. Nxd4 Nf6 5. Nc3 a6 6. Be2 g6 7. O-O Bg7 8. Be3
O-O 9. Qd2 Bd7 10. f3 Nc6 11. a4 Qc7 12. Nxc6 Bxc6 13. a5 Nd7 14. Ra2 Rfc8 15.
Rc1 Bxc3 16. Qxc3 d5 17. exd5 Bxd5 18. Qxc7 Rxc7 19. c4 Be6 20. b3 Rcc8 21. Rd2
Kf8 22. g4 Ke8 23. Kf2 f5 24. h3 Rd8 25. Rcd1 Ne5 26. Bd4 Nc6 27. Bb6 Rxd2 28.
Rxd2 Bd7 29. Ke3 e5 30. f4 e4 31. Rd6 Rc8 32. Rd1 Nb4 33. gxf5 Bxf5 34. h4 Nd3
35. h5 Nc5 36. hxg6 hxg6 37. Rh1 Nxb3 38. Rh7 Nc1 39. Bf1 Nd3 40. c5 g5 41. Rh5
gxf4+ 42. Kd4 Bg6 43. Rh8+ 1-0

[Event "Barbera op "]
[Site "?"]
[Date "2012.07.07"]
[Round "4"]
[White "Fernandez Cardoso, A."]
[Black "Fenollar Jorda, M."]
[Result "1-0"]
[WhiteElo "2427"]
[BlackElo "2354"]
[PlyCount "67"]
[EventDate "2012.??.??"]
[EventType "swiss"]
[EventRounds "9"]

1. e4 e6 2. d4 d5 3. Nd2 Nf6 4. e5 Nfd7 5. f4 c5 6. Ngf3 cxd4 7. Nxd4 Nxe5 8.
Nxe6 Bxe6 9. fxe5 Nc6 10. Nf3 Qc7 11. Be3 O-O-O 12. Be2 Nxe5 13. Nxe5 Qxe5 14.
Qd2 d4 15. Bf4 Qc5 16. Bd3 Bd6 17. O-O Bxf4 18. Rxf4 Rd6 19. a4 Rb6 20. Qf2
Rxb2 21. Rxd4 Qb6 22. a5 Rb1+ 23. Bf1 Qb5 24. Rxb1 Qxb1 25. Qd2 a6 26. Kf2 Qb2
27. Be2 Kb8 28. Bf3 Bc8 29. Rc4 Qe5 30. Qb4 Qf5 31. Qd6+ Ka7 32. Qb6+ Kb8 33.
Qc7+ Ka7 34. Rb4 1-0

[Event "Barbera op "]
[Site "?"]
[Date "2012.07.07"]
[Round "4"]
[White "Gonzalez Garcia, J."]
[Black "Turov, M."]
[Result "1/2-1/2"]
[WhiteElo "2518"]
[BlackElo "2642"]
[PlyCount "48"]
[EventDate "2012.??.??"]
[EventType "swiss"]
[EventRounds "9"]

1. d4 Nf6 2. c4 g6 3. Nc3 Bg7 4. e4 d6 5. Be2 O-O 6. Nf3 Bg4 7. Be3 Nfd7 8. d5
Na6 9. Nd4 Bxe2 10. Qxe2 Nac5 11. b4 Na6 12. a3 Nab8 13. O-O a5 14. Rfc1 axb4
15. axb4 Rxa1 16. Rxa1 c5 17. dxc6 bxc6 18. Ra8 Qb6 19. Nc2 c5 20. Nd5 Qb7 21.
Ra5 e6 22. Rb5 Qa8 23. Ra5 Qb7 24. Rb5 Qa8 1/2-1/2

[Event "Barbera op "]
[Site "?"]
[Date "2012.07.07"]
[Round "4"]
[White "Guerra Mendez, JA."]
[Black "Aroshidze, L."]
[Result "1/2-1/2"]
[WhiteElo "2428"]
[BlackElo "2580"]
[PlyCount "60"]
[EventDate "2012.??.??"]
[EventType "swiss"]
[EventRounds "9"]

1. e4 c5 2. Nf3 e6 3. d4 cxd4 4. Nxd4 a6 5. c4 Nf6 6. Nc3 Qc7 7. a3 b6 8. Be3
Bb7 9. f3 d6 10. Be2 Be7 11. O-O O-O 12. Qd2 Nbd7 13. Rfc1 Rac8 14. a4 Qb8 15.
a5 bxa5 16. Rxa5 Rfe8 17. Raa1 Bd8 18. b4 Bc7 19. Kh1 d5 20. cxd5 Bxh2 21. dxe6
fxe6 22. Bxa6 Bxa6 23. Rxa6 Ne5 24. Bf4 Bxf4 25. Qxf4 Qb7 26. Rca1 Nd3 27. Qd2
Qxb4 28. Nc6 Nf2+ 29. Qxf2 Qxc3 30. Nd4 Qc5 1/2-1/2

[Event "Barbera op "]
[Site "?"]
[Date "2012.07.07"]
[Round "4"]
[White "Hernandez Carmenates, H."]
[Black "Gomez Ledo, RC."]
[Result "1/2-1/2"]
[WhiteElo "2569"]
[BlackElo "2428"]
[PlyCount "91"]
[EventDate "2012.??.??"]
[EventType "swiss"]
[EventRounds "9"]

1. d4 d6 2. Nf3 Nf6 3. Nc3 Nbd7 4. e4 e5 5. Bc4 Be7 6. O-O O-O 7. a4 c6 8. Re1
a5 9. Ba2 exd4 10. Nxd4 Nc5 11. h3 Be6 12. Bg5 Qb6 13. Nf5 Bxf5 14. exf5 Rae8
15. Rxe7 Rxe7 16. Bxf6 gxf6 17. Qxd6 Rfe8 18. Nd5 Qxb2 19. Nxe7+ Rxe7 20. Qg3+
Kf8 21. Rd1 Qe5 22. Qg4 Rd7 23. Rf1 Qe4 24. Qh5 Kg7 25. f4 Qxa4 26. Qg4+ Kf8
27. Qh4 Qxa2 28. Qxf6 Qd5 29. Qh8+ Ke7 30. f6+ Kd6 31. Qb8+ Rc7 32. Qf8+ Kd7
33. Qe7+ Kc8 34. Qf8+ Kd7 35. f5 Na6 36. Kh1 c5 37. c4 Qxc4 38. Rd1+ Kc6 39.
Qd6+ Kb5 40. Rb1+ Qb4 41. Rxb4+ axb4 42. Qd5 Ka4 43. Qa2+ Kb5 44. Qd5 Ka4 45.
Qa2+ Kb5 46. Qd5 1/2-1/2

[Event "Barbera op "]
[Site "?"]
[Date "2012.07.07"]
[Round "4"]
[White "Hernandez Moya, Y."]
[Black "Perez Mitjans, O."]
[Result "0-1"]
[WhiteElo "2177"]
[BlackElo "2504"]
[PlyCount "46"]
[EventDate "2012.??.??"]
[EventType "swiss"]
[EventRounds "9"]

1. e4 d5 2. exd5 Qxd5 3. Nc3 Qa5 4. Bc4 Nf6 5. d3 Bg4 6. f3 Bd7 7. Bd2 Qb6 8.
Nge2 e6 9. Ng3 Be7 10. Qe2 a5 11. a4 O-O 12. O-O-O Nc6 13. Nge4 Nd4 14. Nxf6+
Bxf6 15. Qe3 Qb4 16. Rde1 b5 17. axb5 Rfb8 18. Nb1 Qa4 19. Na3 Nxb5 20. Bxb5
Rxb5 21. c3 Rb7 22. Qc5 Qb3 23. Nc4 Ba4 0-1

[Event "Barbera op "]
[Site "?"]
[Date "2012.07.07"]
[Round "4"]
[White "Mamedjarova, T."]
[Black "Shatko, D."]
[Result "0-1"]
[WhiteElo "2259"]
[BlackElo "2143"]
[PlyCount "70"]
[EventDate "2012.??.??"]
[EventType "swiss"]
[EventRounds "9"]

1. d4 Nf6 2. e3 g6 3. f4 Bg7 4. Nf3 O-O 5. Bd3 d6 6. O-O Nbd7 7. f5 e5 8. Nc3
c6 9. Qe1 Qe7 10. Qh4 Re8 11. fxg6 hxg6 12. Ng5 d5 13. a4 Nf8 14. dxe5 Qxe5 15.
e4 dxe4 16. Ncxe4 Nxe4 17. Nxe4 Qd4+ 18. Kh1 f5 19. Qf4 Rxe4 20. Bxe4 Qxe4 21.
Qg5 Be6 22. c3 Bc4 23. Rg1 Re8 24. Bd2 Qe7 25. Qf4 Qe4 26. Qf2 Qe2 27. Qc5 Re5
28. Qb4 a5 29. Qxb7 Qxd2 30. Rad1 Qe2 31. Qxc6 Qe4 32. Qb6 Bd5 33. b4 axb4 34.
cxb4 Bh6 35. Rd4 Qxg2+ 0-1

[Event "Barbera op "]
[Site "?"]
[Date "2012.07.07"]
[Round "4"]
[White "Mamedjarova, Z."]
[Black "Iagar, RG."]
[Result "1/2-1/2"]
[WhiteElo "2307"]
[BlackElo "2154"]
[PlyCount "59"]
[EventDate "2012.??.??"]
[EventType "swiss"]
[EventRounds "9"]

1. d4 d5 2. c4 c6 3. Nf3 Nf6 4. e3 Bg4 5. Nbd2 Nbd7 6. Be2 e6 7. O-O Bd6 8. b3
O-O 9. Bb2 Qb8 10. h3 Bh5 11. Re1 Re8 12. Qc1 Bg6 13. Bf1 h6 14. Bc3 Ne4 15.
Nxe4 Bxe4 16. Qd1 Bxf3 17. Qxf3 Nf6 18. Bd3 e5 19. e4 exd4 20. Bxd4 dxe4 21.
Bxe4 Be5 22. Bxe5 Rxe5 23. Qf4 Nxe4 24. Rxe4 Rxe4 25. Qxe4 Qe8 26. Re1 Qxe4 27.
Rxe4 Kf8 28. Kf1 Rd8 29. Ke2 f6 30. h4 1/2-1/2

[Event "Barbera op "]
[Site "?"]
[Date "2012.07.07"]
[Round "4"]
[White "Massoni, M."]
[Black "Canal Oliveras, J."]
[Result "1-0"]
[WhiteElo "2365"]
[BlackElo "2226"]
[PlyCount "27"]
[EventDate "2012.??.??"]
[EventType "swiss"]
[EventRounds "9"]

1. e4 d5 2. exd5 Nf6 3. Bb5+ Bd7 4. Be2 Nxd5 5. d4 g6 6. c4 Nb6 7. Nc3 c6 8.
Be3 Bg7 9. Nf3 O-O 10. O-O Bg4 11. Qb3 Qc8 12. h3 Bf5 13. Rac1 N8d7 14. g4 1-0